| 000 | 01252cam a2200373 a 4500 | ||
|---|---|---|---|
| 001 | 2578727 | ||
| 003 | OSt | ||
| 005 | 20140310182157.0 | ||
| 008 | 960311s1997 ilu b 001 0 eng | ||
| 010 | _a 96014501 | ||
| 020 | _a0844257842 (paperback) | ||
| 020 | _a084425763X (hardback) | ||
| 020 | _a084425780X (paperback) | ||
| 040 |
_aDLC _cDLC _dDLC |
||
| 050 | 0 | 0 |
_aGR 76 _b.R665 1997 |
| 082 | 0 | 0 |
_aHS 398.2 _bR723 |
| 100 | 1 |
_aRosenberg, Donna. _912537 |
|
| 245 | 1 | 0 |
_aFolklore, myths, and legends : _ba world perspective / _cDonna Rosenberg. |
| 260 |
_aLincolnwood, Ill. : _bNTC Pub. Group, _cc1997. |
||
| 300 |
_a536 p. ; _c23 cm. |
||
| 504 | _aIncludes bibliographical references (p. 489-504) and index. | ||
| 650 | 0 |
_aTales _916015 |
|
| 650 | 0 |
_aLegends _911152 |
|
| 650 | 0 |
_aFolklore _96494 |
|
| 650 | 0 |
_aMythology _xTitle _916016 |
|
| 650 | 0 |
_aLegends. _911152 |
|
| 650 | 0 |
_aFolklore. _96494 |
|
| 650 | 0 |
_aMythology. _910603 |
|
| 856 | 4 | 2 |
_3Publisher description _uhttp://www.loc.gov/catdir/description/mh051/96014501.html |
| 906 |
_a7 _bcbc _corignew _d1 _eocip _f19 _gy-gencatlg |
||
| 942 |
_2lcc _cBK _kHS |
||
| 999 |
_c10120 _d10120 |
||